Crónicas de la discrepancia
Guardat en:
| Autor principal: | |
|---|---|
| Format: | Llibre |
| Idioma: | Spanish |
| Publicat: |
Madrid:
Visor,
1993
|
| Col·lecció: | La balsa de la medusa;
No. 67 |
| Matèries: | |
| Accés en línia: | Enlace del recurso |
| Etiquetes: |
Afegir etiqueta
Sense etiquetes, Sigues el primer a etiquetar aquest registre!
|
MARC
| LEADER | 00000nam a2200000 a 4500 | ||
|---|---|---|---|
| 001 | 001179 | ||
| 008 | 030827s1993 sp # fr# #000|0#spa#d | ||
| 020 | |a 84-7774-567-6 | ||
| 041 | 0 | |a spa | |
| 043 | |a e-sp--- | ||
| 082 | 0 | 4 | |a 401.9 |b C355c |
| 100 | 1 | |a Chomsky, Noam | |
| 245 | 1 | 0 | |a Crónicas de la discrepancia |c Noam Chomsky |
| 260 | |a Madrid: |b Visor, |c 1993 | ||
| 300 | |a 379 p. | ||
| 440 | 0 | |a La balsa de la medusa; |v No. 67 | |
| 534 | |p Título original: |t Chonicles of dissent | ||
| 650 | 1 | 4 | |a LENGUAJE Y CULTURA |
| 650 | 1 | 4 | |a ENTREVISTAS |
| 999 | |c 3331 |d 3331 | ||
| 856 | |u https://catalogo.idep.edu.co/cgi-bin/koha/opac-detail.pl?biblionumber=3331 |z Enlace del recurso | ||